[Event "Saarland-ch A 87th"]
[Site "Voelklingen"]
[Date "2012.04.01"]
[Round "3"]
[White "Pohl, Helmut"]
[Black "Pocivalnik, Axel"]
[Result "1-0"]
[WhiteElo "1601"]
[BlackElo "1678"]
[PlyCount "117"]
[EventDate "2012.03.30"]
[EventType "swiss"]
[EventRounds "6"]
[EventCountry "GER"]
[SourceTitle "EXT 2013"]
[Source "ChessBase"]
[SourceDate "2012.11.22"]
[SourceVersion "1"]
[SourceVersionDate "2012.11.22"]
[SourceQuality "1"]

1. e4 e5 2. Nf3 Nc6 3. d4 exd4 4. Nxd4 Bc5 5. Be3 Qf6 6. c3 Nge7 7. g3 d5 8. Bg2 Nxd4 9. cxd4 Bb4+ 10. Nc3 Bxc3+ 11. bxc3 Qc6 12. Qd3 Be6 13. 0-0 0-0 14. Bg5 f6 15. Bf4 Ng6 16. Bd2 Rad8 17. h4 f5 18. e5 f4 19. h5 Bf5 20. Qe2 Ne7 21. g4 Be6 22. Rfc1 Qd7 23. f3 g6 24. hxg6 Nxg6 25. Qf2 Bxg4 26. fxg4 Qxg4 27. Qf3 Qg5 28. Be1 Rf7 29. Kf1 Ne7 30. Bh3 Rg7 31. Bf2 Rf8 32. Ke2 Qg6 33. Kd2 Qb6 34. Rcb1 Qc6 35. Rg1 Ng6 36. Bg2 Rd8 37. Bf1 Qb6 38. Bd3 Qb2+ 39. Bc2 b6 40. a4 Nxe5 41. Rxg7+ Kxg7 42. Rg1+ Ng6 43. Qxf4 Rf8 44. Qe5+ Kg8 45. Qxd5+ Kh8 46. Be3 Qa3 47. Bh6 Rf2+ 48. Kd3 Qe7 49. Qa8+ Nf8 50. Bg7+ Qxg7 51. Rxg7 Kxg7 52. Qxa7 Rf7 53. Bb3 Re7 54. Qa8 h5 55. Qd5 Kh6 56. Qg8 Ng6 57. Bf7 Nf4+ 58. Kc4 h4 59. Qf8+ 1-0